00571nam a2200181Ia 4500008004100000020001800041082001600059100001800075245004300093250000600136260003200142300001000174500004800184650001500232700003200247952009300279999001700372120629s9999 xx 000 0 und d a968-6708-07-3 a512.9 R435a aRees, Paul K. aAlgebra / Paul K. Rees, Fred W. Sparks a4 aMéxico : Reverte Mexicana a447 p aGlosario, índice y respuesta a ejercicios a1. ALGEBRA aSparks, Fred W. ; coaut.Ì 00104070a15b15d2007-03-09l0o512.9 R435Ap15 000782r2017-12-07t1w2012-06-28yLB c75565d75565